000 00366nam a2200157Ia 4500
008 230524s9999 xx 000 0 und d
082 _a4
_bXAV
100 _aC.Xavier
_92838
245 0 _aProgramming with Java 2
250 _a2ND
260 _aNEW DELHI
_bScitech
_c2000
300 _aXIX;651
500 _aQuantity Number: 1
650 _aComp-Sc
942 _cBK
999 _c22639
_d22639